| 000 | 00550nam a22001817a 4500 | ||
|---|---|---|---|
| 003 | CEME | ||
| 005 | 20210628205446.0 | ||
| 008 | 210316b xxu||||| |||| 00| 0 eng d | ||
| 020 | _a0-89006-872-0 | ||
| 040 | _c. | ||
| 082 | _a621.384 PHI'P | ||
| 100 |
_aPhillips, John Namee, G.M _975655 |
||
| 245 | _aPersonal wireless communication with dect and pwt | ||
| 260 |
_aLONDON _bARTECH HOUSE _c1998 |
||
| 300 | _aXXI, 338P | ||
| 650 |
_aPERSONAL COMMUNICATION SERVICE SYSTEM DIGITAL COMMUNICATION DIGITAL TELEPHONE SYSTEM _975656 |
||
| 942 |
_cBK _2ddc |
||
| 999 |
_c581050 _d581050 |
||